000
00309 a2200121 4500
999
_c
7688
_d
7688
020
_a
8120312481
050
_a
library of congress
100
_a
Kaul, A
245
_a
Business Communication
264
_a
New Delhi
_b
Prentice Hall
_c
1999
700
_a
Kaul, Asha
942
_2
lcc
_c
BK
_h
5718
_i
KAU
_k
HF 5718 KAU 1999